<?xml version="1.0" encoding="UTF-8"?>
<collection xmlns="http://www.loc.gov/MARC21/slim">
 <record>
  <leader>00702cam a2200181 7i4500</leader>
  <controlfield tag="001">0000067771</controlfield>
  <controlfield tag="005">20091201090000.0</controlfield>
  <controlfield tag="008">071109s2008    gw            100 0 eng d</controlfield>
  <datafield tag="020" ind1="#" ind2="0">
   <subfield code="a">9783540771227 </subfield>
  </datafield>
  <datafield tag="090" ind1="0" ind2="0">
   <subfield code="a">TN 799.5 </subfield>
   <subfield code="b">.I5 2007</subfield>
  </datafield>
  <datafield tag="110" ind1="1" ind2="1">
   <subfield code="a">International Workshop &quot;Minerals as Advanced Materials (1st : 2007 : Imandra, Lake, Russia)</subfield>
  </datafield>
  <datafield tag="245" ind1="0" ind2="0">
   <subfield code="a">Minerals as Advanced Materials I  </subfield>
   <subfield code="c">Sergey V. Krivovichev (ed.).</subfield>
  </datafield>
  <datafield tag="260" ind1="#" ind2="#">
   <subfield code="a">Verlag Berlin Heidelberg: </subfield>
   <subfield code="b">Springer, </subfield>
   <subfield code="c">2008.</subfield>
  </datafield>
  <datafield tag="300" ind1="#" ind2="#">
   <subfield code="a">xvi, 255 p.: </subfield>
   <subfield code="b">ill.; </subfield>
   <subfield code="c">24 cm..</subfield>
  </datafield>
  <datafield tag="650" ind1="0" ind2="0">
   <subfield code="a">Industrial minerals -- </subfield>
   <subfield code="x">Congresses </subfield>
  </datafield>
  <datafield tag="650" ind1="0" ind2="0">
   <subfield code="a">Materials science -- </subfield>
   <subfield code="x">Congresses </subfield>
  </datafield>
  <datafield tag="700" ind1="1" ind2="1">
   <subfield code="a">Krivovichev, Sergey V. </subfield>
  </datafield>
  <datafield tag="999" ind1=" " ind2=" ">
   <subfield code="a">1100066288</subfield>
   <subfield code="b">Book</subfield>
   <subfield code="c">Open Shelf</subfield>
   <subfield code="e">KOLEKSI TERBUKA</subfield>
  </datafield>
 </record>
</collection>
